000 00227 a2200097 4500
001 3632
100 _aQureishi, I H
245 _aShort history of Pakistan Book I
260 _a
_bUniveresity of Karachi
_c
090 _c2896
_d2896
942 _aNUST-CAE
_cM
_c21068
999 _c238705
_d238705